[Event "Nordic-ch U13"]
[Site "Heinola"]
[Date "2018.02.10"]
[Round "4"]
[White "Luu, Robert"]
[Black "Ehrenreich, Simon"]
[Result "1/2-1/2"]
[WhiteElo "1680"]
[BlackElo "1762"]
[PlyCount "77"]
[EventDate "2018.02.09"]
[EventType "swiss"]
[EventRounds "6"]
[EventCountry "FIN"]
[SourceTitle "EXT 2019"]
[Source "ChessBase"]
[SourceDate "2018.10.10"]
[SourceVersion "1"]
[SourceVersionDate "2018.10.10"]
[SourceQuality "1"]

1. d4 d5 2. Nf3 Nf6 3. e3 c6 4. Bd3 Bg4 5. b3 e6 6. Bb2 Bd6 7. Nbd2 Nbd7 8. 0-0 0-0 9. c4 Re8 10. Qc2 Bh5 11. Ne5 Bg6 12. f4 Bxd3 13. Qxd3 dxc4 14. Ndxc4 Be7 15. Rf3 Nb6 16. Nd2 c5 17. f5 exf5 18. Qxf5 Qc8 19. Qd3 cxd4 20. exd4 Nbd5 21. a3 Qd8 22. Raf1 Rc8 23. Ne4 Bd6 24. Ng5 Nf4 25. Qd1 Qb6 26. Kh1 Bxe5 27. dxe5 N6d5 28. Re1 Red8 29. Qb1 Ng6 30. Nxf7 Rf8 31. Qe4 Qc6 32. Ng5 Rxf3 33. Nxf3 Nde7 34. Qd3 Qc2 35. Qxc2 Rxc2 36. Bc1 Rc3 37. Nd4 Rd3 38. Bb2 Nxe5 39. h3 1/2-1/2

[Event "Nordic-ch U13"]
[Site "Heinola"]
[Date "2018.02.09"]
[Round "1"]
[White "Rasti, Arvin"]
[Black "Luu, Robert"]
[Result "1-0"]
[WhiteElo "1888"]
[BlackElo "1680"]
[PlyCount "29"]
[EventDate "2018.02.09"]
[EventType "swiss"]
[EventRounds "6"]
[EventCountry "FIN"]
[SourceTitle "EXT 2019"]
[Source "ChessBase"]
[SourceDate "2018.10.10"]
[SourceVersion "1"]
[SourceVersionDate "2018.10.10"]
[SourceQuality "1"]

1. Nf3 d5 2. c4 c6 3. d4 Nf6 4. Nc3 dxc4 5. a4 Bf5 6. e3 Na6 7. Bxc4 Nb4 8. Ne5 e6 9. 0-0 Nc2 10. e4 Nxe4 11. Qxc2 Ng3 12. Qb3 Nxf1 13. Qxb7 Bg6 14. Qxc6+ Ke7 15. Bg5+ 1-0

[Event "ISL-chT2 1718"]
[Site "Reykjavik"]
[Date "2017.10.20"]
[Round "1.3"]
[White "Luu, Robert"]
[Black "Mai, Aron Thor"]
[Result "0-1"]
[WhiteElo "1698"]
[BlackElo "2038"]
[PlyCount "118"]
[EventDate "2017.10.20"]
[EventType "team-tourn"]
[EventRounds "7"]
[EventCountry "ISL"]
[SourceTitle "CBM 181 Extra"]
[Source "ChessBase"]
[SourceDate "2017.12.12"]
[SourceVersion "1"]
[SourceVersionDate "2017.12.12"]
[SourceQuality "1"]
[WhiteTeam "Reykjavik III"]
[BlackTeam "Reykjavik II"]
[WhiteTeamCountry "ISL"]
[BlackTeamCountry "ISL"]

1. d4 Nf6 2. Bf4 g6 3. e3 Bg7 4. Nf3 0-0 5. Be2 d6 6. 0-0 Nfd7 7. h3 Nc6 8. c3 e5 9. Bh2 Re8 10. a4 e4 11. Nfd2 Nf6 12. f4 exf3 13. Rxf3 Bf5 14. Bf4 Nd5 15. Nc4 Be4 16. Rf1 g5 17. Bg3 Bg6 18. Rf3 Qe7 19. Nba3 Bh5 20. Rf2 Bg6 21. Rf3 h5 22. Nc2 g4 23. hxg4 hxg4 24. Rf2 Bh6 25. Bf4 Nxf4 26. exf4 g3 27. Rf3 Qxe2 28. Qxe2 Rxe2 29. N2e3 Re8 30. Nf1 Rf2 31. Rxg3 Rxf4 32. Nh2 Rfe4 33. Nf3 Ne7 34. Rh3 Bg7 35. Ng5 Rg4 36. Nf3 Nd5 37. Kf2 Bd3 38. Nfd2 Re2+ 39. Kf3 Rgxg2 40. Rf1 Rg6 41. Rg3 Rxg3+ 42. Kxg3 a6 43. Rf3 Bxc4 44. Nxc4 b5 45. axb5 axb5 46. Na5 Rxb2 47. Nc6 Rb3 48. Kg2 Rxc3 49. Ne7+ Kf8 50. Nxd5 Rxf3 51. Kxf3 c6 52. Nb4 c5 53. dxc5 dxc5 54. Nd3 Bd4 55. Nc1 Ke7 56. Ke4 Ke6 57. Nb3 f5+ 58. Kf4 Be5+ 59. Kf3 c4 0-1

[Event "EU-ch U12 26th"]
[Site "Prague"]
[Date "2016.08.27"]
[Round "9"]
[White "Luu, Robert"]
[Black "Hofman, Krystof"]
[Result "0-1"]
[WhiteElo "1779"]
[BlackElo "1684"]
[PlyCount "80"]
[EventDate "2016.08.18"]
[EventType "swiss"]
[EventRounds "9"]
[EventCountry "CZE"]
[SourceTitle "CBM 174 Extra"]
[Source "ChessBase"]
[SourceDate "2016.10.10"]
[SourceVersion "1"]
[SourceVersionDate "2016.10.10"]
[SourceQuality "1"]

1. b3 d5 2. Bb2 c5 3. e3 Nc6 4. Nf3 a6 5. d4 Nf6 6. Be2 Bf5 7. a3 e6 8. Nbd2 Bd6 9. Ne5 0-0 10. 0-0 Qe7 11. f4 Rac8 12. c4 h6 13. g4 Bh7 14. Qe1 Ne4 15. Nxe4 Bxe4 16. Bf3 Bxe5 17. Bxe4 Bxd4 18. exd4 dxe4 19. Qxe4 cxd4 20. Rf3 Rfe8 21. Rh3 e5 22. f5 f6 23. Rd1 Rcd8 24. Rdd3 Nb8 25. Rhg3 Qc7 26. h4 Nd7 27. b4 Nb6 28. c5 Nd5 29. g5 Nf4 30. Rd1 Kh7 31. Bc1 d3 32. Kf2 Rd4 33. Qf3 Ne2 34. Rg2 Nxc1 35. Qh5 Qc6 36. gxh6 Rf4+ 37. Kg1 Ne2+ 38. Rxe2 Qd7 39. Rg2 Qd4+ 40. Kh1 Rxh4+ 0-1

[Event "EU-ch U12 26th"]
[Site "Prague"]
[Date "2016.08.18"]
[Round "1"]
[White "Luu, Robert"]
[Black "Suleymanli, Aydin Elshan"]
[Result "0-1"]
[WhiteElo "1779"]
[BlackElo "2145"]
[PlyCount "76"]
[EventDate "2016.08.18"]
[EventType "swiss"]
[EventRounds "9"]
[EventCountry "CZE"]
[SourceTitle "CBM 174 Extra"]
[Source "ChessBase"]
[SourceDate "2016.10.10"]
[SourceVersion "1"]
[SourceVersionDate "2016.10.10"]
[SourceQuality "1"]

1. d4 e6 2. Nf3 Nf6 3. Bg5 h6 4. Bh4 Be7 5. Nbd2 0-0 6. c3 b6 7. e4 d5 8. Bd3 Bb7 9. Qe2 c5 10. 0-0 Nc6 11. Bxf6 Bxf6 12. e5 Be7 13. Rac1 a5 14. a4 Bc8 15. Bb5 Na7 16. Bd3 Nc6 17. Rfe1 Bd7 18. Nf1 f5 19. Red1 Qe8 20. Bb5 Rd8 21. Ne3 g5 22. Ne1 h5 23. g3 Qg6 24. N3g2 Kg7 25. f4 Rh8 26. Kf2 h4 27. Nf3 h3 28. Ne3 gxf4 29. gxf4 Bh4+ 30. Nxh4 Rxh4 31. Qf3 Qh6 32. Ke2 Rxf4 33. Qg3+ Kf7 34. Bxc6 Rg8 35. Qxg8+ Kxg8 36. Bxd7 Re4 37. Bxe6+ Qxe6 38. Kf3 Qh6 0-1

[Event "Reykjavik op"]
[Site "Reykjavik"]
[Date "2016.03.14"]
[Round "8"]
[White "Luu, Robert"]
[Black "Driscoll, Walter"]
[Result "1-0"]
[WhiteElo "1599"]
[BlackElo "1810"]
[PlyCount "91"]
[EventDate "2016.03.08"]
[EventType "swiss"]
[EventRounds "10"]
[EventCountry "ISL"]
[SourceTitle "CBM 171 Extra"]
[Source "ChessBase"]
[SourceDate "2016.04.26"]
[SourceVersion "1"]
[SourceVersionDate "2016.04.26"]
[SourceQuality "1"]

1. d4 Nf6 2. Nf3 e6 3. e3 d5 4. Bd3 c5 5. b3 cxd4 6. exd4 b6 7. Bb2 Ba6 8. Bxa6 Nxa6 9. Qe2 Nc7 10. 0-0 Bd6 11. Nbd2 0-0 12. Ne5 Qe8 13. f4 Rc8 14. Rac1 Qb5 15. Qe1 Nd7 16. a4 Qa6 17. Nxd7 Rfd8 18. Ne5 f6 19. Nd3 b5 20. axb5 Nxb5 21. Qxe6+ Kf8 22. Qf5 h6 23. Ne5 Qb7 24. Qh7 Ke8 25. Qg8+ Bf8 26. Ng6 Kd7 27. Nxf8+ Rxf8 28. Qxg7+ Kc6 29. Qxh6 Rce8 30. Rfe1 Qf7 31. f5 Rg8 32. Nf3 Nd6 33. Ba3 Nxf5 34. Qd2 Rc8 35. Qd3 Qg6 36. Re2 Rce8 37. Rce1 Re3 38. Qa6+ Kc7 39. Qxa7+ Kc8 40. Qc5+ Kb8 41. Qxd5 Qg4 42. Bd6+ Kc8 43. Qc6+ Kd8 44. Qc7+ Ke8 45. Rxe3+ Nxe3 46. Qe7# 1-0

[Event "Reykjavik op"]
[Site "Reykjavik"]
[Date "2016.03.12"]
[Round "6"]
[White "Davidsson, Joshua"]
[Black "Luu, Robert"]
[Result "1-0"]
[WhiteElo "1411"]
[BlackElo "1599"]
[PlyCount "51"]
[EventDate "2016.03.08"]
[EventType "swiss"]
[EventRounds "10"]
[EventCountry "ISL"]
[SourceTitle "CBM 171 Extra"]
[Source "ChessBase"]
[SourceDate "2016.04.26"]
[SourceVersion "1"]
[SourceVersionDate "2016.04.26"]
[SourceQuality "1"]

1. e4 d5 2. exd5 Qxd5 3. Nc3 Qd6 4. d3 Nf6 5. Nf3 c6 6. Bg5 Bg4 7. Be2 Qc7 8. h3 Bh5 9. Qd2 Nbd7 10. g4 Bg6 11. 0-0-0 e6 12. a3 Bd6 13. Nh4 h6 14. Be3 Bh7 15. f4 0-0-0 16. Bf3 Rhe8 17. Rhe1 Nd5 18. Bxd5 exd5 19. Kb1 Nf8 20. Ng2 f5 21. Qf2 a6 22. Bb6 Qd7 23. Bxd8 Rxd8 24. Na4 Bc7 25. Qa7 Qd6 26. Nc5 1-0

[Event "Reykjavik op"]
[Site "Reykjavik"]
[Date "2016.03.09"]
[Round "2"]
[White "Lobersli, Henrik Oie"]
[Black "Luu, Robert"]
[Result "1-0"]
[WhiteElo "2134"]
[BlackElo "1599"]
[PlyCount "65"]
[EventDate "2016.03.08"]
[EventType "swiss"]
[EventRounds "10"]
[EventCountry "ISL"]
[SourceTitle "CBM 171 Extra"]
[Source "ChessBase"]
[SourceDate "2016.04.26"]
[SourceVersion "1"]
[SourceVersionDate "2016.04.26"]
[SourceQuality "1"]

1. d4 d5 2. c4 c6 3. Nf3 Nf6 4. e3 Bf5 5. Nc3 e6 6. Nh4 Be4 7. f3 Bg6 8. Nxg6 hxg6 9. g3 Bd6 10. f4 Nbd7 11. Bg2 Qe7 12. 0-0 0-0 13. b3 Kh7 14. Bb2 Rh8 15. Qf3 Kg8 16. Rfe1 Re8 17. Rad1 Bc7 18. e4 dxe4 19. Nxe4 Nxe4 20. Qxe4 Nf6 21. Qf3 Qf8 22. Kh1 Kh7 23. d5 exd5 24. Bxf6 gxf6 25. cxd5 cxd5 26. Qxd5 b6 27. Qb7 Bb8 28. Bc6 Rxe1+ 29. Rxe1 Kg7 30. Re7 Qc8 31. Rxf7+ Kh6 32. Rh7+ Rxh7 33. Qxc8 1-0

[Event "Reykjavik op"]
[Site "Reykjavik"]
[Date "2015.03.11"]
[Round "3"]
[White "Ingason, Sigurdur"]
[Black "Luu, Robert"]
[Result "1-0"]
[WhiteElo "1880"]
[BlackElo "1362"]
[PlyCount "51"]
[EventDate "2015.03.10"]
[EventType "swiss"]
[EventRounds "10"]
[EventCountry "ISL"]
[SourceTitle "CBM 165 Extra"]
[Source "ChessBase"]
[SourceDate "2015.04.21"]
[SourceVersion "1"]
[SourceVersionDate "2015.04.21"]
[SourceQuality "1"]

1. d4 Nf6 2. Nf3 e6 3. e3 d5 4. Bd3 Be7 5. Nbd2 b6 6. Qe2 c5 7. c3 0-0 8. 0-0 Bb7 9. e4 dxe4 10. Nxe4 Nbd7 11. Rd1 Qc7 12. Bg5 Nd5 13. Bxe7 Nxe7 14. Neg5 Ng6 15. Nxe6 fxe6 16. Qxe6+ Kh8 17. Bxg6 Rf6 18. Qe7 Rxg6 19. Ne5 Rxg2+ 20. Kf1 Rf8 21. Rd2 Rxh2 22. Re1 Rh1+ 23. Ke2 Rh2 24. Kd1 Kg8 25. Nxd7 Rd8 26. Nf6+ 1-0

[Event "Reykjavik op"]
[Site "Reykjavik"]
[Date "2015.03.10"]
[Round "1"]
[White "Luu, Robert"]
[Black "Hardarson, Jon Trausti"]
[Result "0-1"]
[WhiteElo "1362"]
[BlackElo "2170"]
[PlyCount "106"]
[EventDate "2015.03.10"]
[EventType "swiss"]
[EventRounds "10"]
[EventCountry "ISL"]
[SourceTitle "CBM 165 Extra"]
[Source "ChessBase"]
[SourceDate "2015.04.21"]
[SourceVersion "1"]
[SourceVersionDate "2015.04.21"]
[SourceQuality "1"]

1. d4 Nf6 2. Nf3 e6 3. Bg5 Be7 4. Nbd2 d5 5. c3 0-0 6. e3 c5 7. Be2 Nbd7 8. 0-0 Re8 9. Rc1 Nf8 10. Ne5 Ng6 11. Nxg6 hxg6 12. f4 Qa5 13. a3 Bd7 14. Qe1 Qb6 15. b4 cxb4 16. axb4 Rac8 17. Nb1 a5 18. bxa5 Qxa5 19. Qh4 Qa2 20. Bd3 Qb2 21. Rc2 Qb3 22. Nd2 Qa3 23. Nb1 Qa5 24. Rff2 b5 25. Ra2 Qc7 26. Rac2 Ra8 27. Ra2 Rxa2 28. Rxa2 b4 29. Qe1 b3 30. Rb2 Ba4 31. Qd2 Rc8 32. Bh4 Qc6 33. Be1 Bd8 34. h3 Ne8 35. Na3 Ba5 36. Nb1 Nd6 37. Kh1 Ra8 38. Qc1 Rb8 39. Na3 Bb4 40. Nb1 Ba5 41. Na3 f5 42. Nb1 Kf7 43. Qd1 Bd8 44. Qe2 Be7 45. Bg3 Bb5 46. Bxb5 Rxb5 47. Be1 Nc4 48. Bf2 Qa6 49. Na3 Qxa3 50. Rb1 Qa2 51. Qe1 b2 52. Qd1 Qxb1 53. Qxb1 Na3 0-1

[Event "ISL-ch sf"]
[Site "Kopavogur"]
[Date "2014.05.24"]
[Round "2"]
[White "Luu, Robert"]
[Black "Birkisson, Bjorn Holm"]
[Result "0-1"]
[WhiteElo "1033"]
[BlackElo "1593"]
[PlyCount "120"]
[EventDate "2014.05.23"]
[EventType "swiss"]
[EventRounds "9"]
[EventCountry "ISL"]
[SourceTitle "CBM 160 Extra"]
[Source "ChessBase"]
[SourceDate "2014.07.01"]
[SourceVersion "1"]
[SourceVersionDate "2014.07.01"]
[SourceQuality "1"]

1. Nf3 d5 2. d4 Nf6 3. Bg5 e6 4. Nbd2 Be7 5. e3 Nbd7 6. c4 c5 7. Bd3 h6 8. Bh4 0-0 9. 0-0 a6 10. h3 dxc4 11. Nxc4 b5 12. Nce5 Nxe5 13. dxe5 Nd5 14. Bg3 Bb7 15. a3 Qb6 16. e4 Nc7 17. Bf4 Rfd8 18. Qc2 c4 19. Be2 Bc5 20. b4 cxb3 21. Qxb3 Bxe4 22. a4 bxa4 23. Qxb6 Bxb6 24. Rxa4 Bh7 25. Rfa1 Ra7 26. Be3 Bxe3 27. fxe3 Bd3 28. Rd1 Bxe2 29. Rxd8+ Kh7 30. Nd4 Bb5 31. Nxb5 Nxb5 32. Rd3 g5 33. Rb3 Nc7 34. Kf2 Kg6 35. e4 h5 36. Rb6 Kg7 37. Kf3 Kg6 38. g4 h4 39. Ke3 f6 40. Kd4 Kf7 41. exf6 Kxf6 42. Kc5 Ke5 43. Kc6 Ne8 44. Rbxa6 Rxa6+ 45. Rxa6 Kxe4 46. Ra5 Kf4 47. Kd7 Nf6+ 48. Kxe6 Ne4 49. Ra4 Kf3 50. Kd5 Nc3+ 51. Kd4 Nxa4 52. Kd3 Kg3 53. Ke3 Kxh3 54. Kf3 Nc3 55. Kf2 Kxg4 56. Kg2 Ne4 57. Kg1 Kg3 58. Kf1 h3 59. Kg1 h2+ 60. Kh1 Nf2# 0-1